00435nam a2200109Ia 4500008004100000100002100041245008800062260006300150300002000213650001700233856007500250160712s9999 xx 000 0 und d aCôté, Denis  cDenis Côté,aIndigenous Peoples’ Resistance to Oil Palm Plantations in Borneo c2011bKasarinlan Philippine Journal of Third World Studies avol. 26 no. 1-2 xINDEPENDENCE uhttp://journals.upd.edu.ph/index.php/kasarinlan/issue/view/331/showToc